书目信息 |
| 题名: |
橡胶成型工轮胎
|
|
| 作者: | 张红焱 编著 | |
| 分册: | ||
| 出版信息: | 北京 化学工业出版社 2013.01 |
|
| 页数: | 145页 | |
| 开本: | 26cm | |
| 丛书名: | ||
| 单 册: | ||
| 中图分类: | TQ330.6 , TQ336.1 | |
| 科图分类: | ||
| 主题词: | 橡胶制品--成型--技术教育--教材 , 轮胎--成型--技术教育--教材 , 橡胶制品 , 成型 , 轮胎 | |
| 电子资源: | ||
| ISBN: | 978-7-122-15394-4 | |
| 000 | 01054nam0 2200313 450 | |
| 001 | 010010108861 | |
| 005 | 20140610090031.42 | |
| 010 | @a978-7-122-15394-4@dCNY28.00 | |
| 100 | @a20130104d2013 em y0chiy50 ea | |
| 101 | 0 | @achi |
| 102 | @aCN@b110000 | |
| 105 | @aak z 000yy | |
| 106 | @ar | |
| 200 | 1 | @a橡胶成型工轮胎@9xiang jiao cheng xing gong lun tai@f张红焱等编著 |
| 210 | @a北京@c化学工业出版社@d2013.01 | |
| 215 | @a145页@c图@d26cm | |
| 300 | @a国家职业资格证书培训教程 技术工人培训用书 橡胶加工系列 | |
| 304 | @a化学工业职业技能鉴定指导中心组织编写 | |
| 330 | @a本书介绍了化学基础、高分子基础、橡胶原料及配方、橡胶制品、橡胶加工工艺、橡胶制品生产设备、橡胶物理性能检验、计量、电工、橡胶安全生产及环保等知识。 | |
| 606 | 0 | @a橡胶制品@x成型@x技术教育@j教材 |
| 606 | 0 | @a轮胎@x成型@x技术教育@j教材 |
| 606 | 0 | @a橡胶制品 |
| 606 | 0 | @a成型 |
| 606 | 0 | @a轮胎 |
| 690 | @aTQ330.6@v5 | |
| 690 | @aTQ336.1@v5 | |
| 701 | 0 | @a张红焱@9zhang hong yan@4编著 |
| 801 | 0 | @aCN@bRENTIAN@c20130104 |
| 905 | @b846952-55@dTQ330.6@e9@f4 | |
| 橡胶成型工轮胎/张红焱等编著.-北京:化学工业出版社,2013.01 |
| 145页:图;26cm |
| 国家职业资格证书培训教程 技术工人培训用书 橡胶加工系列 |
| ISBN 978-7-122-15394-4:CNY28.00 |
| 本书介绍了化学基础、高分子基础、橡胶原料及配方、橡胶制品、橡胶加工工艺、橡胶制品生产设备、橡胶物理性能检验、计量、电工、橡胶安全生产及环保等知识。 |
| ● |
| 相关链接 |
|
|
|
|
正题名:橡胶成型工轮胎
索取号:TQ330.6/9
 
预约/预借
| 序号 | 登录号 | 条形码 | 馆藏地/架位号 | 状态 | 备注 |
| 1 | 846952 | 208469520 | 第二样本阅览室/ [索取号:TQ330.6/9] | 在馆 | |
| 2 | 846953 | 208469539 | 密集书库-化学系/ [索取号:TQ330.6/9] | 在馆 | |
| 3 | 846954 | 208469548 | 第三借阅区/ [索取号:TQ330.6/9] | 在馆 | |
| 4 | 846955 | 208469557 | 第三借阅区/ [索取号:TQ330.6/9] | 在馆 |